Znani Polacy o "zwierzęcych" nazwiskach - Statystyki

Ogólne statystyki
  • Ten quiz został rozwiązany 134 razy
  • Średni wynik to 10 z 20
Statystyki odpowiedzi
Obrazkowy Hint Odpowiedź % Poprawnych
piosenkarz Michał Szpak
90%
aktor Tomasz Kot
89%
piłkarz Jerzy Dudek
88%
dziennikarz Tomasz Lis
85%
prezenter pogody Jarosław Kret
74%
aktorka Anna Mucha
68%
siatkarz Andrzej Wrona
58%
sztangistka Agata Wróbel
55%
aktorka Aneta Zając
50%
piłkarz Jacek Bąk
43%
biathlonista Tomasz Sikora
43%
aktor Kazimierz Kaczor
40%
kardynał Grzegorz Ryś
38%
piosenkarz Szymon Wydra
38%
lekkoatleta Władysław Komar
37%
zwycięzca Big Brothera Janusz Dzięcioł
33%
poseł Ryszard Wilk
27%
dziennikarz Marek Czyż
14%
komentator sportowy Ryszard Łabędź
10%
zapaśnik Kazimierz Lipień
3%
Nie znaleziono quizów pasujących do podanych kryteriów
Rozkład punktacji
Procent ludzi z każdym wynikiem
Percentyl według liczby udzielonych odpowiedzi
Twoja historia wyników
Nie rozwiązałeś tego quizu